Sindhulipi:Padanam Ithuvare (Record no. 119896)

MARC details
000 -LEADER
fixed length control field 00397nam a2200121Ia 4500
008 - FIXED-LENGTH DATA ELEMENTS--GENERAL INFORMATION
fixed length control field 211119s9999||||xx |||||||||||||| ||und||
082 ## - DEWEY DECIMAL CLASSIFICATION NUMBER
Classification number 491.41
Item number RAG-S
100 ## - MAIN ENTRY--PERSONAL NAME
Personal name Raghava Warrier, M R
245 #0 - TITLE STATEMENT
Title Sindhulipi:Padanam Ithuvare
260 ## - PUBLICATION, DISTRIBUTION, ETC.
Name of publisher, distributor, etc. Mathrubhumi Books
Place of publication, distribution, etc. Kottayam
Date of publication, distribution, etc. 2011
650 ## - SUBJECT ADDED ENTRY--TOPICAL TERM
Topical term or geographic name entry element Language
942 ## - ADDED ENTRY ELEMENTS (KOHA)
Koha item type BOOK
650 ## - SUBJECT ADDED ENTRY--TOPICAL TERM
Form subdivision Other languagesEast Indo-European & Celtic languagesEconomics
General subdivision General Stack
Holdings
Withdrawn status Lost status Damaged status Not for loan Home library Current library Date acquired Cost, normal purchase price Total Checkouts Full call number Barcode Shelving location Date last seen Price effective from Koha item type
        SB LIBRARY SB LIBRARY 19/11/2021 35.00   491.41 RAG-S 00133385 GENERAL STACK 19/11/2021 19/11/2021 BOOK

Powered by Koha